| 000 | 00554nam a22002057a 4500 | ||
|---|---|---|---|
| 999 |
_c6242 _d6242 |
||
| 003 | OSt | ||
| 005 | 20190819141726.0 | ||
| 008 | 190819b ||||| |||| 00| 0 eng d | ||
| 020 | _a9781118342336 | ||
| 040 | _cDDC | ||
| 082 | _a597.01 NEL 2016 | ||
| 100 | _4Nelson, Joseph S.; Grande, Terry C.; Wilson, Mark V.H | ||
| 245 | _aFishes of the World | ||
| 250 | _a5th ed. | ||
| 260 |
_aNew Jersey; _bJohn Wiley, _c2016 |
||
| 300 |
_axli,707p; _bill: _c24cm |
||
| 504 | _aBibliography, & index included | ||
| 650 |
_aFishes _912837 |
||
| 942 |
_2ddc _cB_BANK |
||